| 000 | 00374 a2200157 4500 | ||
|---|---|---|---|
| 001 | 57229 | ||
| 020 | _a8516041948 | ||
| 040 | _cAnchieta - Pituba | ||
| 100 | _aCosta, Wagner | ||
| 240 | 1 | 0 |
_aA guerra do tênis nas ondas do rádio _lpor |
| 245 | 1 | 0 | _aA guerra do tênis nas ondas do rádio |
| 300 | _a112 | ||
| 362 | 0 | _a2004 | |
| 650 | 4 | _aLiteratura juvenil | |
| 942 | _cBK | ||
| 999 |
_c57229 _d57229 |
||